Countries lower than the Burj Khalifa - Statistics

General Stats
  • This quiz has been taken 24 times
  • The average score is 20 of 33
Answer Stats
Meters Country % Correct
171 Denmark
86%
321 Netherlands
86%
5 Tuvalu
86%
134 Bahrain
81%
318 Estonia
81%
65 Nauru
81%
402 Antigua and Barbuda
76%
312 Latvia
76%
3 Maldives
76%
242 Palau
76%
176 Singapore
76%
63 Bahamas
71%
81 Kiribati
71%
294 Lithuania
71%
560 Luxembourg
71%
253 Malta
71%
162 Monaco
71%
340 Barbados
67%
694 Belgium
67%
780 F.S. Micronesia
67%
291 Kuwait
67%
10 Marshall Islands
67%
103 Qatar
67%
78 Vatican City
67%
739 San Marino
57%
345 Belarus
43%
51 Gambia
38%
430 Moldova
33%
514 Uruguay
33%
659 Benin
24%
266 Guinea-Bissau
14%
638 Senegal
10%
747 Burkina Faso
5%
No matching quizzes found
Score Distribution
Percent of People with Each Score
Percentile by Number Answered
Your Score History
You have not taken this quiz